00297nam a2200133Ia 45000030006000000080041000060400015000471000019000622450034000812500010001152600009001255460012001340050017001460STCL150530s9999 xx 000 0 und d aSTCLcSTCL aOmmanney, F.D. aHouse in the parkmodern times aFirst c1944 aEnglish20220125171146.0